Countries By symbols - Statistics

General Stats
  • This quiz has been taken 118 times
  • The average score is 10 of 11
Answer Stats
Hint Answer % Correct
| Eiffel Tower | Gallic rooster | Baguette | La Marseillaise national anthem | La cocarde tricolore | France
97%
| The Union Jack | Northern Ireland | Scotland | Welsh | England | United Kingdom
97%
| Koi | Cherry Blossom Tree | Mount Fuji | Emporor | Sushi | Japan
95%
| Pyramids of Giza | cats | Scarab Beetle | The ankh or symbol of life | hieroglyphs | Egypt
94%
| Giant Panda | dragon | The Great Wall | forbidden City/Imperial Palace | silk | China
93%
| Bald Eagle | Star Spangled Banner | Constitution | The Bill of Rights | rose | United States
93%
| Beavers | Moose | Maple leaf | Maple tree | Red and white flag | Canada
90%
| Sword on the flag and emblem | camels | Arabic language | palm tree | flag has writing on it that says "There is no god but Allah; Muhammad is the Messenger of Allah." | Saudi Arabia
86%
| Bulls | sombrero | red and yellow | Camino scallop shell | Flamenco | Spain
85%
| Black eagle | beer | black red and yellow | oak tree | Brandenburg Gate | Germany
84%
| Peacock | Lotus | Jana Gana Mana | Tiranga flag | Lion Capital of Ashoka | India
74%
No matching quizzes found
Score Distribution
Percent of People with Each Score
Percentile by Number Answered
Your Score History
You have not taken this quiz